A hostia de oiro (Record no. 153457)

MARC details
000 -LEADER
campo de control de longitud fija 00693nam a22002055i 4500
001 - NÚMERO DE CONTROL
campo de control 153457
003 - IDENTIFICADOR DE NÚMERO DE CONTROL
campo de control ES-MaACL
005 - FECHA Y HORA DE LA ÚLTIMA TRANSACCIÓN
campo de control 20230906205230.0
008 - DATOS DE LONGITUD FIJA--INFORMACIÓN GENERAL
campo de control de longitud fija 050823s1869 po | |||||||| ||por d
040 ## - FUENTE DE CATALOGACIÓN
Centro catalogador/agencia de origen CAM
Lengua de catalogación spa
Centro/agencia transcriptor CAM
100 1# - ENTRADA PRINCIPAL--NOMBRE DE PERSONA
Nombre de persona Dias, J. Simões.
9 (RLIN) 126786
245 12 - MENCIÓN DEL TÍTULO
Título A hostia de oiro
Resto del título : poema heroi-comico /
Mención de responsabilidad, etc. por J. Simões Dias.
260 ## - PUBLICACIÓN, DISTRIBUCIÓN, ETC.
Lugar de publicación, distribución, etc. Elvas :
Nombre del editor, distribuidor, etc. Editor M. d'Araujo e Silva,
Fecha de publicación, distribución, etc. 1860 (
Fabricante Typographia da Democracia Pacifica)
300 ## - DESCRIPCIÓN FÍSICA
Extensión 205 p. ;
Dimensiones 18 cm.
490 1# - MENCIÓN DE SERIE
Mención de serie Obras de J. Simões Dias ;
Designación de volumen o secuencia 3
752 ## - ENTRADA AGREGADA--NOMBRE JERÁRQUICO DEL LUGAR
País o entidad superior Portugal -
Ciudad Elvas
830 0# - PUNTO DE ACCESO ADICIONAL DE SERIE-TÍTULO UNIFORME
Título uniforme Obras de J. Simões Dias ;
Designación de volumen o secuencia 3
9 (RLIN) 187773
852 ## - LOCALIZACIÓN
Ubicación ES-MaACL
Número de control de estantería G-8561
Nota libre -- Enc. pasta española
Holdings
Estatus retirado Estado de pérdida Estado de daño No para préstamo Colección Biblioteca de origen Biblioteca actual Ubicación en estantería Fecha de adquisición Fuente de adquisición Total de préstamos Signatura topográfica completa Código de barras Visto por última vez Precio de reemplazo Tipo de ítem Koha
        Libros del s. XIX Biblioteca del Ateneo de Madrid Biblioteca del Ateneo de Madrid Sala Pecera Planta 3 17/01/2008     G-8561 1160382 23/02/2023 23/02/2023 Libro impreso antiguo